000 00304cam a22000977a 4500
008 180718b1979 xxu||||| |||| 00| 0 eng d
100 _aIndia. Rajya Sabha Secretariat
245 _aRajya Sabha debates, vol 109, 24 April-8 May, 1979
260 _aNew Delhi
_bRajya Sabha Secretariat
_c1979
300 _ap.1-327
999 _c384069
_d384069